[Event "Praia op 2nd"]
[Site "Praia a Mare"]
[Date "2010.04.02"]
[Round "4"]
[White "Cottone, Salvatore"]
[Black "Di Salvio, Giuseppe"]
[Result "1-0"]
[WhiteElo "1963"]
[BlackElo "1599"]
[PlyCount "87"]
[EventDate "2010.03.31"]
[EventType "swiss"]
[EventRounds "5"]
[EventCountry "ITA"]
[SourceTitle "EXT 2023"]
[Source "ChessBase"]
[SourceDate "2022.10.05"]
[SourceVersion "1"]
[SourceVersionDate "2022.10.05"]
[SourceQuality "1"]

1. d4 d5 2. Nf3 Nf6 3. Bg5 Nbd7 4. Nbd2 e6 5. e3 Be7 6. Bd3 h6 7. Bh4 0-0 8. 0-0 c6 9. c3 Ne8 10. Bxe7 Qxe7 11. e4 dxe4 12. Nxe4 Nef6 13. Re1 Nxe4 14. Bxe4 Nf6 15. Bc2 Qc7 16. Ne5 Bd7 17. Qd3 Rfd8 18. b4 Be8 19. Re3 Qe7 20. Ng4 Kf8 21. Nxf6 Qxf6 22. Qe4 Qg6 23. Qxg6 fxg6 24. Rxe6 Bf7 25. Re3 Re8 26. a4 Re7 27. Rxe7 Kxe7 28. Re1+ Kd6 29. a5 Re8 30. Re3 g5 31. Kf1 Bc4+ 32. Ke1 Rxe3+ 33. fxe3 b5 34. axb6 axb6 35. e4 h5 36. Kf2 Ke6 37. Ke3 h4 38. Bd1 Kf6 39. Bg4 Ke7 40. g3 hxg3 41. hxg3 g6 42. Bd1 Kf6 43. Bc2 g4 44. Kf4 1-0

[Event "Turin Piemonte op 6th"]
[Site "Turin"]
[Date "2005.11.19"]
[Round "2"]
[White "Cottone, Salvatore"]
[Black "Angioni, Gian Carlo"]
[Result "1-0"]
[WhiteElo "1769"]
[BlackElo "1832"]
[PlyCount "39"]
[EventDate "2005.11.18"]
[EventType "swiss"]
[EventRounds "9"]
[EventCountry "ITA"]
[SourceTitle "EXT 2007"]
[Source "ChessBase"]
[SourceDate "2006.11.23"]
[SourceVersion "1"]
[SourceVersionDate "2006.11.23"]
[SourceQuality "1"]

1. d4 d5 2. Nf3 Nf6 3. e3 c6 4. Bd3 Nbd7 5. 0-0 e6 6. Nbd2 Bd6 7. c3 0-0 8. e4 dxe4 9. Nxe4 Nxe4 10. Bxe4 Re8 11. Bxh7+ Kxh7 12. Ng5+ Kg6 13. h4 Rh8 14. Qf3 Qf6 15. Qh3 Qf5 16. g4 Qd5 17. h5+ Kf6 18. c4 Qxd4 19. Qf3+ Ke7 20. Qxf7+ 1-0